| 000 | 00671cab a2200253 4500 | ||
|---|---|---|---|
| 001 | WB3047-48 | ||
| 008 | 090401t1994 xxu||||| |||| 00| 0 eng d | ||
| 035 | _a(Sirsi) u30007 | ||
| 041 | _aeng | ||
| 245 | _aVAT changes | ||
| 260 | _c1994 | ||
| 350 | _a0 | ||
| 490 |
_aHM Customs and Excise Business Brief _v(23/94) 7 December 1994, (2) |
||
| 520 | _aSummarises VAT changes on second-hand goods, arts and antiques. | ||
| 650 |
_aArts and antiques _96217 |
||
| 650 | _aFINE ARTS | ||
| 650 | _aGLOBAL ACCOUNTING | ||
| 650 | _aIMPORTS | ||
| 650 | _aSECOND-HAND GOODS | ||
| 650 | _aVALUE ADDED TAX | ||
| 690 | _aTAXATION | ||
| 942 | _n0 | ||
| 948 | _c04/03/1997 | ||
| 999 |
_c20197 _d20197 |
||